Relient K Albums - Statistics

General Stats
  • This quiz has been taken 25 times
  • The average score is 7 of 12
Answer Stats
Hint Answer % Correct
2000 Relient K
100%
2004 Mmhmm
95%
2007 Five Score And Seven Years Ago
90%
2003 Two Lefts Don't Make A Right...But Three Do
81%
2009 Forget And Not Slow Down
76%
2016 Air For Free
67%
2008 (EP) The Nashville Tennis EP/The Bird And The Bee Sides
67%
2011 Is For Karaoke
48%
2001 The Anatomy Of The Tongue In Cheek
43%
2013 Collapsable Lung
24%
2008 Let It Snow, Baby...Let It Reindeer
24%
2003 (EP) Deck The Halls Bruise Your Hand
14%
No matching quizzes found
Score Distribution
Percent of People with Each Score
Percentile by Number Answered
Your Score History
You have not taken this quiz